| 000 | 00966nam a22003137a 4500 | ||
|---|---|---|---|
| 001 | 000316 | ||
| 003 | DO-SdBPM | ||
| 005 | 20251103093547.0 | ||
| 007 | ta | ||
| 008 | 160624b 2011 sp |||| 00| 0 spa d | ||
| 020 | _a9788466320535 | ||
| 040 |
_a _bspa _cBPMSU |
||
| 082 | 4 |
_a863.6 _bP438c 2011 _222 |
|
| 100 | 1 |
_aPérez-Reverte, Arturo, _d1951- _eautor _953 |
|
| 245 | 1 | 0 |
_aEl capitán Alatriste / _cArturo y Carlota Pérez-Reverte. |
| 250 | _a7a ed. | ||
| 264 |
_aMadrid : _bPunto de Lectura, _c2011. |
||
| 300 |
_a217 páginas ; _c19 cm. |
||
| 336 |
_atexto _btxt _2rdacontent |
||
| 337 |
_asin mediación _bn _2rdamedia |
||
| 338 |
_avolumen _bnc _2rdacarrier |
||
| 490 | 0 |
_aLas aventuras del capitán Alatriste, _v1 |
|
| 590 | _aInventariado, 2025/VM | ||
| 650 | 7 | _aNovela española. | |
| 650 | 7 | _aNovela de aventuras | |
| 700 | 1 |
_aPérez-Reverte, Carlota, _d1983- _eautora |
|
| 910 | _aVMateo V. Control de calidad. BPMSU | ||
| 942 |
_2ddc _cBK |
||
| 999 |
_c10565 _d10565 |
||